000 00481nam a2200157Ia 4500
003 GCL
008 140319s9999 xx 000 0 ara d
040 _aGCL /
_cGCL
082 0 4 _a920.71
_bد.ا
100 1 _aدونالد روبنسون
245 1 0 _aاهم هاية شخصية عالمية فى السبعينات /
_cدونالد روبنسون
700 1 _aمدحت عايد فهمى
260 _a[S.N] :
_bمكتبة مدبولى ،
_c1988
300 _a556 ص
490 _a
999 _c54291
_d54291